Characters from A Storm of Swords - Statistics

General Stats
  • This quiz has been taken 44 times
  • The average score is 90 of 150
Answer Stats
Description Character % Correct
King on the Iron Throne King Joffrey I Baratheon
100%
Squire to the Imp Podrick Payne
100%
Heir to the Iron Throne Prince Tommen Baratheon
100%
The Imp Tyrion Lannister
100%
King in the Narrow Sea King Stannis I Baratheon
97%
Head of House Lannister of Casterly Rock Lord Tywin Lannister
97%
The Spider Lord Varys
97%
Head of House Frey of the Crossing Lord Walder Frey
97%
Younger sister of the king in the North and of the Trident Princess Sansa Stark
97%
Queen Regent on the Iron Throne Queen Cersei Lannister
97%
The Onion Knight Ser Davos Seaworth
97%
The Kingslayer Ser Jaime Lannister
97%
The Knight of Flowers Ser Loras Tyrell
97%
Bastard son of King Robert I Baratheon Gendry
95%
Bastard brother of the king in the North and of the Trident Jon Snow
95%
King in the North and of the Trident King Robb I Stark
95%
Mother of the king in the North and of the Trident Lady Catelyn Tully
95%
The Red Woman Lady Melisandre of Asshai
95%
Youngest sister of the king in the North and of the Trident Princess Arya Stark
95%
Queen Across the Water Queen Daenerys Targaryen
95%
Brother of the head of House Lannister Ser Kevan Lannister
95%
The Maid of Tarth Brienne of Tarth
92%
Eunuch of the Unsullied Grey Worm
92%
Littlefinger Lord Petyr Baelish
92%
Heir to the North and the Trident Prince Brandon Stark
92%
Youngest brother of the king in the North and of the Trident Prince Rickon Stark
92%
Sister of the king on the Iron Throne Princess Myrcella Baratheon
92%
The Hound Sandor Clegane
92%
The Imp's captain of guards Ser Bronn of the Blackwater
92%
The Imp's concubine Shae
92%
Head of House Tyrell of Highgarden Lord Mace Tyrell
89%
Heir to Riverrun Ser Edmure Tully
89%
The Mountain that Rides Ser Gregor Clegane
89%
Lord Commander of the Queensguard Ser Jorah Mormont
89%
Grand Maester Grand Maester Pycelle
86%
Stableboy Hodor
86%
Lady of the Eyrie Lady Lysa Tully
86%
Head of House Bolton of the Dreadfort Lord Roose Bolton
86%
Arstan Whitebeard Ser Barristan Selmy
86%
Heir to Greywater Watch Jojen Reed
84%
Head of House Arryn of the Eyrie Lord Robert Arryn
84%
Cousin of the king on the Iron Throne Ser Lancel Lannister
84%
The Smalljon Jon Umber
81%
The Greatjon Lord Jon Umber
81%
Daughter of the head of House Reed Meera Reed
81%
Daughter of the head of House Tyrell Margaery Tyrell
78%
Wilding protector of the heirs to the North and the Trident Osha
78%
The Red Viper Prince Oberyn Martell
78%
The King's Justice Ser Ilyn Payne
78%
"Dolorous" squire of the Night's Watch Eddison Tollet
76%
Head of House Tully of Riverrun Lord Hoster Tully
76%
Heir to the king in the Narrow Sea Princess Shireen Baratheon
76%
Steward to the maester at Castle Black Samwell Tarly
76%
The Blackfish Ser Brynden Tully
76%
Slave in Astapor from Naath Missandei
73%
Former knight of House Hollard Dontos Hollard
70%
Bastard son of King Robert I Baratheon Edric Storm
70%
The Queen of Thorns Lady Olenna Redwyne
70%
The Old Bear Lord Commander Jeor Mormont
70%
Knight of the Kingsguard Ser Meryn Trant
70%
Myrish red priest of R'hllor Thoros of Myr
70%
Captain of the Brave Companions Vargo Hoat
70%
Former commander of the City Watch of King's Landing Janos Slynt
68%
King of the Isles and the North King Balon I Greyjoy
68%
The Lightning Lord Lord Beric Dondarrion
68%
Maester at Castle Black Maester Aemon
68%
Ranger of the Night's Watch Grenn
65%
First daughter of the head of House Westerling Jeyne Westerling
65%
Second daughter of the head of House Stokeworth Lollys Stokeworth
65%
Ranger of the Night's Watch Pypar
65%
Queen in the Narrow Sea Queen Selyse Florent
65%
Pirate of the Free City of Lys Salladhor Saan
65%
Head of House Karstark of Karhold Lord Rickard Karstark
62%
Former knight of the Kingsguard Ser Boros Blount
62%
Maester of the Brave Companions Maester Qyburn
59%
Tyroshi captain of the Stormcrows Daario Naharis
57%
Handmaiden to the queen Across the Water Jhiqui
57%
Lemoncloak Lem Lemoncloak
57%
The Bow Aggo
54%
Master of Craster's Keep Craster
54%
Daughter-wife of the master of Craster's Keep Gilly
54%
King-Beyond-the-Wall Mance Rayder
54%
The Arakh Rakharo
54%
Wildling woman Ygritte
54%
Handmaiden to the queen Across the Water Irri
51%
Head of House Mormont of Bear Island Lady Maege Mormont
51%
Knight of the Kingsguard Ser Balon Swann
51%
Knight of the Kingsguard Ser Osmund Kettleblack
51%
Eunuch slave from Meereen Strong Belwas
51%
Giantsbane Tormund
51%
Head of House Mallister of Seagard Lord Jason Mallister
49%
Singer at the Eyrie Marillion
49%
Master-at-arms at Eastwatch-by-the-Sea Ser Alliser Thorne
49%
The Gallant Ser Garlan Tyrell
49%
Keeper of the hounds of the Night's Watch Chett
46%
Smith at Castle Black Donal Noye
46%
The Whip Jhogo
46%
Head of House Rosby of Rosby Lord Gyles Rosby
46%
Head of House Redwyne of the Arbor Lord Paxter Redwyne
46%
Castellan of Dragonstone Ser Axell Florent
46%
Squire to the king in the Narrow Sea Devan Seaworth
43%
Former member of Lord Eddard Stark's guard Harwin
43%
Archer Anguy
41%
Commander at Eastwatch-by-the-Sea Cotter Pyke
41%
Heir to Bear Island Dacey Mormont
41%
Head of House Florent of Brightwater Keep Lord Alester Florent
41%
Head of House Rowan of Goldengrove Lord Mathis Rowan
41%
Rattleshirt Lord of Bones
41%
Squire to the king in the North and of the Trident Olyvar Frey
41%
Good-sister of the King-Beyond-the-Wall Val
41%
Crippled twelfth son of the head of House Frey Lame Lothar Frey
38%
Head of House Dayne of Starfall Lord Edric Dayne
38%
Head of House Blackwood of Raventree Hall Lord Tytos Blackwood
38%
Maester at Dragonstone Maester Pylos
35%
Ninth son of the head of House Frey Merrett Frey
35%
Heir to Seagard Patrek Mallister
35%
Tom o' Sevens Tom of Sevenstreams
35%
Good Master of Astapor Kraznys mo Naklos
32%
Head of House Bracken of Stone Hedge Lord Jonos Bracken
32%
Commander at the Shadow Tower Ser Denys Mallister
32%
Heir to Pinkmaiden Ser Marq Piper
32%
Heir to the Twins Ser Ryman Frey
32%
Second son of the head of House Manderly Ser Wendel Manderly
32%
Magnar of Thenn Styr
32%
Sixskins Varamyr
32%
Dogshead Harma Dogshead
30%
Lady of Acorn Hall Lady Ravella Swann
30%
Head of House Vance of Wayfarer's Rest Lord Karyl Vance
30%
The Titan's Bastard Mero of Braavos
30%
Former freerider sworn to Littlefinger Ser Lothor Brune
30%
Sergeant in the Second Sons Brown Ben Plumm
27%
Slave butcher and cook from Astapor Cleon
27%
Wife of the King-Beyond-the-Wall Dalla
27%
Head of House Glover of Deepwood Motte Galbart Glover
27%
Tyroshi sellsword Greenbeard
27%
Commander of the City Watch of King's Landing Ser Addam Marbrand
27%
Captain of the Balerion Captain Groleo
24%
Lover of the good-sister of the King-Beyond-the-Wall Jarl
24%
Master-at-arms at Riverrun Ser Desmond Grell
24%
Good-brother of the head of House Westerling Ser Rolph Spicer
24%
First son of the heir to the Twins Black Walder Frey
22%
Knight of House Frey Ser Cleos Frey
22%
The Bastard of Nightsong Ser Rolland Storm
22%
Heir to the Crag Ser Raynald Westerling
19%
The Faithful Urswyck
19%
Knight of House Estermont Ser Andrew Estermont
16%
One-eyed convict Jack-Be-Lucky
14%
Singer at the Red Keep Symon Silver Tongue
14%
Good Master of Astapor Grazdan mo Ullhor
8%
Steward of the Night's Watch Small Paul
5%
No matching quizzes found
Score Distribution
Percent of People with Each Score
Percentile by Number Answered
Your Score History
You have not taken this quiz